[Event "European Club Cup"]
[Site "Antalya/Kemer"]
[Date "2007.10.05"]
[Round "3"]
[White "GM Tkachiev, Vladislav(FRA)"]
[Black "Willemze, Jeroen(NED)"]
[Result "1-0"]
[WhiteElo "2655"]
[BlackElo "2413"]
[Annotator "Ëåáåäåâ Âàñèëèé"]
[PlyCount "59"]
[EventDate "2007.10.05"]

1. d4 d5 2. c4 c6 3. Nf3 Nf6 4. e3 Bf5 5. Nc3 e6 6. Nh4 Bg6 7. Be2 Nbd7 8. O-O
Be7 9. g3 O-O 10. Nxg6 hxg6 {
Äëÿ áåëûõ ïîêà íà äîñêå íè÷åãî íåçíàêîìîãî íå ïðîèñõîäèëî.} 11. b3 (11. Qc2
Re8 12. Rd1 Bf8 13. b3 Qc7 14. Bb2 Rac8 15. Rac1 a6 16. Bf3 b5 17. Nb1 $5 {
Ïî êðàéíåé ìåðå, îðèãèíàëüíî.} Qb8 18. Nd2 e5 19. dxe5 Nxe5 20. Bg2 dxc4 21.
bxc4 Bb4 22. Bxe5 Rxe5 23. Nf3 Rc5 24. Qb3 Ba5 25. Nd4 Qb6 26. Rb1 {
è çäåñü ÷¸ðíûå ãðóáî îøèáëèñü -} Rb8 $4 27. Qa3 $1 $18 {ñ íåîòâðàòèìîé
óãðîçîé êîíåâîé âèëêè ñ ïîëÿ b3 (1-0 Tkachiev,V (2652) - Ovetchkin,R (2554)/
Sochi RUS 2007 (49)).}) 11... Bb4 (11... Re8 12. Bf3 Qa5 13. Bd2 Qc7 14. Rc1
Ba3 15. Rc2 dxc4 16. bxc4 e5 17. c5 a5 18. Nb1 Bb4 19. Bc1 e4 20. Bg2 a4 21.
Rc4 Nd5 22. Bd2 Bxd2 23. Nxd2 b5 24. cxb6 N7xb6 25. Rc5 Nd7 26. Rc1 f5 27. Qc2
Re6 28. Nxe4 fxe4 29. Bxe4 Qd6 30. Bg2 Nb4 31. Qe2 Nf6 32. Qc4 Kh7 33. Rfe1
Rae8 34. a3 Nbd5 35. Qxa4 Ne4 36. Rc2 Nec3 37. Qa5 Nb5 38. Rec1 Nxe3 39. Rxc6
Qxd4 40. Rxe6 Rxe6 41. Qxb5 Ng4 42. Qf1 Rf6 43. Rc4 {
1-0 Deepan,C (2479)-Reefat,S (2472)/Dhaka BAN 2007/The Week in Chess 669}) 12.
Bb2 Qe7 13. a3 {
Ïðåèìóùåñòâî äâóõ ñëîíîâ íàä äâóìÿ êîíÿìè íà äîðîãå íå âàëÿåòñÿ! Íàäî áðàòü!}
Bxc3 14. Bxc3 Rfd8 15. Bb2 {
Çàáëàãîâðåìåííî óõîäÿ èç-ïîä óäàðà êîíÿ (òî ëè ñ ïîëÿ d5, òî ëè ñ ïîëÿ å4).} c5
16. cxd5 Nxd5 17. Rc1 N5f6 {Âèäèìî, óæå çäåñü, ÷¸ðíûå ðåøèëè çàòåÿòü
êîìáèíàöèîííóþ áó÷ó ñ ÷åìïèîíîì Åâðîïû. Íó-íó...} ({
Ãàðìîíè÷íåå (ÈÌÕÎ) âûãëÿäåëî áàíàëüíîå} 17... Rac8 $5) 18. Bf3 {
Êàê ìû âèäèì ïåøêà â îïàñíîñòè.} Ne5 $6 {Áó÷à íà÷èíàåòñÿ...} ({
Äóìàåòñÿ, ÷òî íàä¸æíåå áûëî} 18... cxd4 {ñ èäååé ïîñëå} 19. Qxd4 {
ïîïûòàòüñÿ çàêîíîïàòèòü ïîçèöèþ â öåíòðå ïóò¸ì} e5 20. Qc3 e4 21. Bg2 Nb6 {
è ò.ä.}) 19. Rxc5 Nd3 {
À îí íàñòûðíûé - èùåò ñåáå ÷åñòè, à êíÿçþ ñëàâû, îäíàêî...} 20. Rc3 $1 ({
Â ñëó÷àå} 20. Qxd3 $6 {, ðàçóìååòñÿ, ñëåäîâàëî áû} Qxc5 21. Bxb7 ({åñëè} 21.
dxc5 Rxd3 22. Bxb7 Rb8 23. c6 {, òî} Rxb3 24. Bd4 R3xb7 25. cxb7 Rxb7 26. Rc1
Nd5 27. e4 Ne7 {- äóìàþ, ÷òî ÷¸ðíûå òóò îòáèâàþòñÿ}) 21... Rab8 22. b4 Qh5
23. Bg2 (23. Ba6 Ng4 24. h4 g5 $36) 23... a5 $1 $132) 20... Nxb2 21. Qa1 {
Êîíü ïîïàë â êàïêàí.} e5 ({È â ñëó÷àå} 21... Nd3 22. Rxd3 e5 23. Bg2 {
÷¸ðíûå áàíàëüíî îñòàþòñÿ áåç ïåøêè.}) 22. dxe5 Rd2 {Òåïåðü â «ãîñòè» ê
ñâîåìó êîíþ, òàê ñêàçàòü, íà îãîí¸ê, ðåøèëà çàãëÿíóòü è ëàäüÿ...} ({Óïîðíåå} 
22... Nd3 {ñ òàêîé èäååé} 23. exf6 gxf6 24. Rd1 Ne5 {â íàäåæäå íà «àêòèâíîå»}
25. Bd5 {íà ÷òî åñòü} Rxd5 $1 26. Rxd5 Nf3+ {åñëè} 27. Kf1 {
, òî ÷¸ðíûå äåëàþò íè÷üþ:} (27. Kg2 Qe4 {, è  ñïàñàòüñÿ íàäî óæå áåëûì!})
27... Nxh2+ {È ïîñëå} 28. Ke2 (28. Ke1 Qe4 29. Rd1 Qg2 {
è ïîïûòêà óêëîíèòüñÿ îò î÷åðåäíîãî âå÷íîãî øàõà ïóò¸ì} 30. Qb1 $5 {
âåä¸ò ê âåñüìà íåÿñíîé ïîçèöèè -} Ng4 31. Qc2 Qg1+ 32. Kd2 Qxf2+ 33. Kc1 Qxg3 {
è ò.ä.}) 28... Qe4 {÷¸ðíûå äåëàþò íè÷üþ:} 29. Rd1 Qf3+ 30. Ke1 Ng4 31. Qb2
(31. Qa2 {äîïóñêàåò âåñüìà èçÿùíîå} Nxe3 $1 32. Rxe3 Qh1+ 33. Ke2 Qh5+ {
ñ âå÷íûì øàõîì ïîñëå} 34. Ke1 Qh1+ 35. Ke2 Qh5+) 31... Qh1+ 32. Ke2 (32. Kd2
$4 Rd8+) 32... Qg2 33. Rf1 Nh2 34. Rd1 Qf3+ 35. Ke1 Qh1+ 36. Ke2 Qf3+ 37. Ke1
$11) ({Êîíå÷íî, â ñëó÷àå} 22... Nd3 23. exf6 gxf6 24. Rd1 Ne5 {íàäî èãðàòü}
25. Bg2 $16) 23. exf6 Qxf6 24. Qc1 Rad8 {
Âñå ôèãóðû ÷¸ðíûõ çàùèùàþò äðóã äðóãà. À êòî çàùèùàåò èõ ïåøêè?} 25. Bxb7 $18
Qe7 26. Rc8 $1 {Î÷åíü ñèìïàòè÷íî!} Kh7 ({
Íå íàäî ïðîâîäèòü ãîëîñîâàíèå íà ôîðóìå, ÷òî âûáðàòü âîçðàæåíèå íà} 26... Qxb7
{Ðàçóìååòñÿ, òîëüêî} 27. Qxd2 $1) 27. Rxd8 Qxd8 28. Bf3 ({
×óòü-÷óòü òî÷íåå áûëî îòêðîâåííîå} 28. Be4 {ñ óãðîçîé Bc2, êîòîðàÿ âðÿä ëè
îòðàçèìà. Íî áëàãîäàðÿ «íåòî÷íîñòè» â ïàðòèè ìû óâèäèì åù¸ îäèí êðàñèâûé
ìàí¸âð.}) 28... Qd3 29. Be4 $1 Qd6 $2 {Ñûãðàíî «áåç íàñòðîåíèÿ».} ({
òàê æå ïëîõî è} 29... Qxe4 30. Qxd2 $18) ({Îäíàêî ñîõðàíÿëî íåêîòîðóþ èíòðèãó
} 29... Qe2 30. Qc6 f5 (30... Nd3 31. Bf3 {- ôåðçü â êîðîáî÷êå} Ne5 32. Bxe2
Nxc6 33. Rc1 $18) 31. Bf3 Qd3 32. Qe6 Nd1 33. Rxd1 Rxd1+ 34. Bxd1 Qxd1+ 35. Kg2
{è ò.ä. - áåëûå «ðàçóìååòñÿ» ñòîÿò íà âûèãðûø.}) 30. Bc2 {
Êîíü âñ¸-òàêè ïðîïàë...} 1-0

[Event "European Club Cup"]
[Site "Antalya/Kemer"]
[Date "2007.10.05"]
[Round "3"]
[White "GM Predojevic, Borki(BIH)"]
[Black "GM Anastasian, Ashot(ARM)"]
[Result "0-1"]
[WhiteElo "2628"]
[BlackElo "2555"]
[Annotator "Ëåáåäåâ Âàñèëèé"]
[PlyCount "76"]
[EventDate "2007.10.05"]

{Ìèíè-ñåíñàöèÿ ïðèêëþ÷èëàñü â ñëåäóþùåé âàæíîé â òåîðåòè÷åñêîì îòíîøåíèè
ïàðòèè - áûëà «îïðîâåðãíóòà» àòàêà Ïàíîâà!} 1. e4 c6 2. d4 d5 3. exd5 cxd5 4.
c4 Nf6 5. Nc3 Nc6 6. Nf3 Bg4 7. cxd5 Nxd5 8. Qb3 Bxf3 9. gxf3 e6 10. Qxb7 Nxd4
11. Bb5+ Nxb5 12. Qc6+ Ke7 13. Qxb5 Qd7 14. Nxd5+ Qxd5 15. Qxd5 exd5 16. O-O {
Äåáþòíûå ïîäðîáíîñòè ìîæíî âû÷èòàòü â 4-ì òîìå «ÌÂÏ» (ïàðòèÿ ¹ 440, ñòð.
278 - 281).} Rd8 $5 {Òàê-òàê... Î÷åíü èíòåðåñíî! Ñâåæåå ïðîäîëæåíèå!} ({
×¸ðíûå ÷àùå èãðàëè} 16... Ke6 17. Re1+ Kf5 $1 $11) 17. Rd1 d4 {
È ñëîíó áåëûõ êàê-òî ñòàëî òåñíî íà äîñêå. Âû íå íàõîäèòå?} 18. Bf4 Ke6 19.
Rac1 {Áåëûå ñäåëàëè âñå «åñòåñòâåííûå» õîäû. Â îòâåò íà ýòî ñëåäóåò} g5 $1
$146 ({
Ïàðòèþ-ïðåäøåñòâåííèöó òóò ìîæíî òîëüêî óïîìÿíóòü, èáî â íåé áûëî ñûãðàíî} 
19... Rd7 20. Rd3 (20. Rc4 $1) (20. Re1+) 20... Be7 {, è ó ÷¸ðíûõ óæå íå õóæå
(0-1 Konigova,P - Novak,J (2160)/Klatovy 1999/EXT 2000 (48)).}) ({Èíòåðåñíî è} 
19... Rd5 $5 20. Rc8 $140 g5) 20. Be3 (20. Bxg5 $4 Rg8 $19) 20... Bg7 {
Òåïåðü ïåøêà æåðòâóåòñÿ âñåðü¸ç.} 21. Rc6+ ({Åñëè} 21. Bxg5 {, òî} Rc8 $44 ({
äóìàåòñÿ, ÷òî òàê; èíòåðåñíî è} 21... Rd5 $5 22. h4 Be5 23. f4 $140 $6 Bd6 $1
{è áåëûé ñëîí íà îòøèáå}) {Íàïðèìåð,} 22. b4 {(óâîäÿ ïåøêó èç-ïîä óäàðà ñëîíà)}
Be5 23. Bd2 $5 (23. Rxc8 Rxc8 24. f4 Bh8 $1 $44 {, ê ïðèìåðó,} 25. Re1+ Kd5 26.
Re7 d3 {è ò.ä.}) 23... Kd5 24. f4 Rxc1 25. Rxc1 Rg8+ 26. Kf1 Bd6 {
- âñå ôèãóðû ÷¸ðíûõ î÷åíü àêòèâíû, íî ïåøêè ïîêà íå õâàòàåò...}) 21... Kd5 $1
{Âïåð¸ä, íå âçèðàÿ íè íà ÷òî!} 22. Rc7 ({Åñëè íàïàñòü íà ïåøêó à7 ïî-äðóãîìó} 
22. Ra6 {, òî îòûñêèâàåòñÿ òàêàÿ èäåÿ:} Be5 {, ðàññ÷èòûâàÿ íà} 23. Ra4 $6 (23.
Rxa7 Ke6 {âåä¸ò ê ïîëîæåíèþ èç ïàðòèè}) 23... Kc6 $1 24. Bxd4 Kb5 25. b3 Rd5
26. Kg2 Rhd8 {è ò.ä.}) 22... Be5 23. Rxa7 Ke6 24. Bd2 (24. Bxg5 Rhg8 {è ò.ä.})
24... Ra8 25. Rb7 ({Äóìàþ, ÷òî íå ðåøàåò âñåõ ïðîáëåì áåëûõ íè} 25. Rxa8 Rxa8
26. a3 Kd5 {è ò.ä.}) ({Íè, òåì áîëåå,} 25. Ra5 Rxa5 26. Bxa5 Ra8 27. b4 Kd5)
25... Rxa2 $15 {Âîò âåäü ïàðàäîêñ - èç ì¸ðòâî-íè÷åéíîãî âàðèàíòà, â êîòîðîì
äî ñèõ ïîð, íàñêîëüêî ìíå èçâåñòíî, ÷¸ðíûå òîëüêî è äåëàëè, ÷òî îòáèâàëèñü,
ïîëó÷èëîñü òàêàÿ øòóêà! Íåò, ðàíî åùå õîðîíèòü êëàññè÷åñêèå øàõìàòû!} 26. Re1
Rg8 27. Kf1 f6 28. h4 ({Ïåøêà íåâêóñíàÿ -} 28. Rxh7 Rxb2 29. Ke2 (29. Bc1 Rb1 {
, ãðîçÿ Rc8}) 29... d3+ $1) 28... h6 29. f4 ({Ïîõîæå, ÷òî, ïåðåõîäÿ â
«ëàäåéíèê»,  ñëåäîâàëî óìåíüøèòü êîëè÷åñòâî ïåøåê íà äîñêå, èãðàÿ, ê
ïðèìåðó} 29. hxg5 hxg5 30. f4 gxf4 31. Bxf4 Rh8 32. Kg2 Kf5 33. Bxe5 fxe5 34.
Rb5 Re8 35. Kg3 {, çàíèìàþ ïîñëåäíþþ ëèíèþ îáîðîíû.}) 29... gxf4 30. Bxf4
Kd5 $1 {-òèïè÷íî «ëàäåéíàÿ» æåðòâà ìàòåðèàëà ðàäè àêòèâíîñòè.} ({Åñëè} 30...
Rg4 {, òî} 31. Bxe5 fxe5 32. Rb5 e4 33. f3 $1 Rxh4 34. Rxe4+ Rxe4 35. fxe4 {
Íè÷üÿ! Èáî ïîñëå} h5 $1 {(èíà÷å ëó÷øå óæå ó áåëûõ!)} 36. Rxh5 Rxb2 {
â äåëî âñòóïàþò òàáëèöû, ãîâîðÿùèå, ÷òî òóò «=». Ïî-ëþáîìó}) ({
Âèäèìî, ñàìûì-ñàìûì çäåñü áûëî} 30... Kf5 31. Bxh6 $140 $6 {
(íèæå áóäóò ðàçîáðàíû è äðóãèå âîçìîæíîñòè)} Rh8 32. f4 Bc7 $1 33. Rxc7 Rxh6
34. Rc5+ Kg4 $36 {, ïðîäîëæàÿ íàãíåòàòü...}) ({Íî ïîñëå} 30... Kf5 {ñèëüíåå}
31. Bxe5 $1 fxe5 32. Rf7+ $1 Ke6 ({èëè} 32... Kg4 33. Rxe5 Rxb2 34. Kg2 Kxh4+
35. Kf3 Rb3+ 36. Ke2 d3+ 37. Ke3 {- òîæå î÷åíü ïîõîæå íà ðàâåíñòâî}) 33. Rh7
Rg6 34. f4 Ra5 35. fxe5 Rxe5 36. Rxe5+ Kxe5 37. Ke2 $11) 31. Bxe5 fxe5 32. Rb5+
Kc4 33. Rbxe5 $2 {Ñìåëîñòü áûëà âîçíàãðàæäåíà!} ({Íå âèäíî êàê âûèãðûâàòü ïîñëå
} 33. Rexe5 $1 d3 ({èëè} 33... Kd3 34. Re1 $1 Rg4 35. Rb4 Kc2 36. Re2+ Kd3 37.
Re1 $11) 34. Ke1 $5 (34. Rbc5+ {ñ âå÷íûì øàõîì}) 34... Rf8 $1 {
, è, ïî-ìîåìó, áåëûì ïîðà «âå÷íîøàõîâàòü»:} 35. Rbc5+ Kd4 36. Rcd5+ Kc4 {
è ò.ä.}) 33... Rxb2 34. R5e2 $2 {Ïîñëå ýòîãî (ÈÌÕÎ) øàíñîâ ó áåëûõ íåò.} ({
Íàäî áûëî åù¸ ïîèãðàòü ñ ÷åòûðüìÿ ëàäüÿìè íà äîñêå:} 34. Rc1+ Kd3 35. Rd1+ Rd2
36. Ra1 ({íî íå} 36. Rxd2+ Kxd2 37. Re2+ Kc3 38. Re6 Rc8 $19) {
È åñòü øàíñ äîæèòü õîòÿ áû äî êîíòðîëÿ:} 36... Rf8 37. Ra3+ Kc4 38. Re2 Rd1+
39. Kg2 Rg8+ 40. Kf3 {è ò.ä.}) 34... Rxe2 35. Kxe2 (35. Rxe2 Rg4 {
ñ áîëüøèìè øàíñàìè íà ïîáåäó ;)}) 35... Re8+ 36. Kd2 Rxe1 37. Kxe1 Kd3 38. Kd1
h5 $1 {Çàïàñíîé õîä ïðèíîñèò âûèãðûø!} 0-1

[Event "European Club Cup"]
[Site "Antalya/Kemer"]
[Date "2007.10.05"]
[Round "3"]
[White "GM Shirov, Alexei(ESP)"]
[Black "GM Azarov, Sergei(BLR)"]
[Result "1-0"]
[WhiteElo "2735"]
[BlackElo "2566"]
[Annotator "Ëåáåäåâ Âàñèëèé"]
[PlyCount "107"]
[EventDate "2007.10.05"]

1. d4 Nf6 2. c4 e6 3. Nf3 d5 4. g3 Be7 5. Bg2 O-O 6. O-O c6 7. Qc2 Nbd7 8. Nbd2
b6 9. e4 Ba6 10. Re1 Rc8 11. e5 Ne8 12. b3 c5 13. Bb2 Nc7 14. Rad1 b5 15. dxc5
Bxc5 16. cxd5 Nxd5 17. Qb1 Bb4 $146 (17... Be7 18. Nd4 Nc5 19. Nf1 Qb6 $2 (
19... g6 $5) 20. Bxd5 exd5 21. Ne3 Rfd8 22. Ndf5 Bf8 23. Nxd5 Rxd5 24. Rxd5 Bb7
25. Rd6 Qa5 26. Rdd1 Ba8 27. Nd6 Qa6 28. Qf5 Rc7 29. Rc1 Qc6 30. f3 Qd5 31.
Red1 Qxf3 32. Qxf3 Bxf3 33. Rf1 Bd5 34. Bd4 {
(1-0 Tukmakov,V (2581) - Orak,L (2355)/Pula 1999).}) 18. Re4 $5 Be7 19. Rg4 {
Æðåáèé áðîøåí! Ðóáèêîí ïåðåéä¸í!} Qc7 {×¸ðíûå äåðæàò ïîêàìåñò â çàïàñå
áîêîâîé ïåøå÷íûé òû÷îê, æäóò êîãäà ëàäüè óæå íå áóäåò äîðîãè íàçàä} ({
Íó, à ìû ïîñìîòðèì, ÷òî âûòàíöîâûâàåòñÿ ïðè} 19... h5 20. Rd4 Nc5 {
È äîáàâèì êðåàòèâà -} 21. Nc4 $5 Nxb3 $1 22. Rxd5 ({íî íå} 22. axb3 bxc4 23.
bxc4 Bxc4 $15) 22... exd5 23. Nd6 Bxd6 ({è ïîñëå} 23... Nc5 24. Nd4 {
áåëûå äàâÿò, ê ïðèìåðó} Bxd6 25. exd6 Qxd6 26. Nf5 Qe6 27. Bxd5 Qe2 28. Re1 Qd3
29. Ne7+ Kh8 30. Qc1 $1 {è íàäî ñî âñåõ íîã áåæàòü äîìîé -} Qh7 {
, ÷òî óæå íå ïîìîãàåò} 31. Qg5) 24. exd6 Nc5 {
Êàê íè ñòðàííî, ýòîò êîíü îñòàëñÿ â æèâûõ.} 25. Rxd5 Bb7 $140 {È íà÷àëîñü!}
26. Ng5 g6 27. Rf5 $3 Qxd6 ({èëè} 27... Be4 28. Nxe4 Nxe4 29. Bxe4 gxf5 30.
Bxf5 $18) 28. Bxb7 Rc7 ({íà} 28... Nxb7 {åñòü íåçàìûñëîâàòîå} 29. Rf6 {
è øàõ íà g6}) 29. Rd5 Qb6 30. Nh7 $3 $18 {Êàê â òàêèõ ñëó÷àÿõ ëþáÿò
«øòàìïîâàòü» ëåíèâûå êîììåíòàòîðû: «ðàçðîçíåííûå ñèëû (â äàííîì ñëó÷àå -
áåëûõ) îáðåòàþò íåîæèäàííóþ ãàðìîíèþ  (} Rb8 (30... Kxh7 31. Rxh5+ Kg8 32.
Rh8#) (30... Nd7 31. Qe4 Rxb7 32. Rxd7 $1) 31. Nf6+ Kf8 32. Qc1 {).}) 20. Ne4 {
ßâíî çàïèñûâàÿ ëàäüþ íà g4 â «äîáðîâîëüöû»-êàìèêàäçå.} Qc2 ({
Åù¸ ðàç ðàññìîòðèì} 20... h5 21. Rg5 $1 Bxg5 ({
â ñëó÷àå «ïðèìèòèâíîãî» áåëûå äîáèâàþòñÿ ïåðåâåñà òàê:} 21... g6 22. Nf6+
Bxf6 ({íè îäíèì èç êîíåé áèòü íåëüçÿ:} 22... N7xf6 23. Rxg6+ $1) ({èëè} 22...
N5xf6 23. Rxg6+ $1 {ñ ðàçãðîìîì}) 23. exf6 N7xf6 (23... N5xf6 24. Rxg6+ $1) 24.
Rdxd5 $1 ({òåïåðü} 24. Rxg6+ {, åñòåñòâåííî, íå ïðîõîäèò:} fxg6 25. Qxg6+ Qg7)
24... exd5 25. Qf5 $1 Qe7 (25... Ne8 26. Rxg6+ fxg6 27. Qxg6+ Ng7 28. Ng5 $18)
26. Bxf6 Rc1+ 27. Bf1 Qe4 28. Qxd5 Qxd5 29. Rxd5 $16 {Èáî è ïîñëå} b4 {
ó áåëûõ âñ¸ òóò «ñðàñòàåòñÿ» -} 30. Nd2 Rd1 31. Rd4 Re8 32. Kg2 Bxf1+ 33.
Nxf1 Rxd4 34. Bxd4 Re2 35. Bxa7 Rxa2 36. Bd4 Ra3 37. Nd2 {è ò.ä.}) 22. Nfxg5
Qc2 23. Qa1 b4 24. Rd2 Qc7 25. a3 $1 $36 {
À ÷òî ìîæåò áûòü ñòðàøíåå èíèöèàòèâû â óìåëûõ ðóêàõ?}) 21. Qa1 h5 {
Òåïåðü ýòî óæå íå ïðèõîòü êîììåíòàòîðà, òåïåðü ýòîò õîä - âåëåíèå âðåìåíè!} 22.
Nd4 ({Êîíå÷íî, î÷åíü-ïðåî÷åíü õî÷åòñÿ áëåñíóòü} 22. Rxd5 exd5 23. Nd4 Qc7
24. Rxg7+ $1 Kxg7 25. Nf5+ Kh7 26. Qd1 $18 {, íî ýòî âñåãî ëèøü ìå÷òû.}) ({
Êàê áû îïðîâåðæåíèå ïåðâîå:} 22. Rxd5 hxg4 23. Rxd7 gxf3 24. Bxf3 Rfe8 25. Rxa7
$140 Qd3 26. Kg2 b4 $13) ({Èëè òàê:} 22. Rxd5 exd5 23. Nd4 hxg4 $1 24. Nxc2
Rxc2 {ñ åù¸ áîëåå íåÿñíîé èãðîé.}) ({
Íó, è ìîæíî áûëî ñâåðíóòü íà ëèíèþ, íà÷èíàþùóþñÿ ñ} 22. Rd2 Qc7 23. Rg5 $5 {
è ò.ä.}) 22... Qc7 23. Rg5 $1 ({Ëàäüå äîñòóïíû áûëè åù¸ äâà ïîëÿ íà ëèíèè
«g». Ðàññìîòðèì æå èõ, ïðè÷åì, íåìåäëåííî:} 23. Rxg7+ $6 Kxg7 24. Nd6 N7b6 (
{êîíå÷íî, íå} 24... Bxd6 $4 25. Nxe6+ $1 fxe6 26. exd6+ {ñ ïîáåäîé}) ({
ïî÷òè òàê æå ïëîõî} 24... Rcd8 25. Bxd5 Kg8 (25... exd5 26. N4f5+) (25... Nc5
26. b4 {è ò.ä.}) 26. Nxe6 $1) 25. Rc1 Qd7 26. N4f5+ Kh7 27. Be4 {
, íî ïîñëå ñïîêîéíîãî} Bxd6 $1 28. Nxd6+ Kg7 {
âûÿñíÿåòñÿ, ÷òî îñîáûõ óãðîç ó áåëûõ íåò, à âîò ïåøêè âñ¸ æå íå õâàòàåò:} 29.
Nxc8 Rxc8 30. Rxc8 Qxc8 {è ò.ä.}) ({Ïîïðîáóåì ïîýòîìó áîëåå «ñëàáîñèëüíîå»} 
23. Rg6 $5 N7b6 (23... fxg6 24. Nxe6 Qb7 25. Nxf8 Rxf8 (25... Kxf8 26. Nd6) 26.
Nf6+ $1) 24. Nf6+ $1 {Åñëè óæ àòàêîâàòü, òàê ïî-ýôôåêòíîìó!} Bxf6 25. Nxe6 $1 {
Óäàð çà óäàðîì!} Qc6 ({åñëè} 25... fxe6 {, òî} 26. exf6 Rf7 27. Rc1 Qd7 28.
fxg7 {(ãðîçèì Rh6)} b4 {È íà÷èíàåì çàêëþ÷èòåëüíóþ, äîáèâàòåëüíóþ, ôàçó:}
29. Bh3 (29. Rh6 Nc3) 29... Re7 30. Rxc8+ Nxc8 31. Rh6 Nc3 32. Bxc3 ({
ìîæíî ñîâñåì óæ «îáíàãëåòü» -} 32. Qc1 $3 Ne2+ $140 33. Kg2 Rxg7 34. Rh8+ $1
{ñ ðàçãðîìîì}) 32... bxc3 33. Rh8+ Kxg7 34. Qxc3+ Kg6 35. Qc1 $1 Rh7 36. Bxe6
$1 {Òî÷êà!}) 26. Nxf8 fxg6 ({èëè} 26... Rxf8 27. Rxf6 $1 gxf6 28. exf6 $40)
27. Nxg6 Bg5 28. Be4 {, êîìïåíñàöèÿ ó áåëûõ òóò, áåçóñëîâíî, åñòü, íî åñòü ëè
ó íèõ ÷òî-ëèáî áîëüøåå?}) 23... Bxg5 {Ëàäüþ áèòü íàäî...} ({
Íåëüçÿ, åñòåñòâåííî,} 23... g6 24. Rxg6+ $1 fxg6 25. Nxe6 $18) ({
À áåëûå, ìåæäó òåì, ãðîçèëè ñëåäóþùèì -} 23... h4 {
Êàê áû èãðà íà âñòðå÷íûõ êóðñàõ :)} 24. Nf6+ $1 N7xf6 $140 ({õîòÿ íå ëó÷øå ëè
} 24... N5xf6 $5 {Ñìîòðèì:} 25. exf6 Bxf6 26. Nxb5 $1 Qd8 $1 27. Bxf6 Qxf6 28.
Qxf6 Nxf6 29. Nxa7 Rc2 30. Ra5 Be2 31. Rb1 {
, è áåëûå ñêîðîõîäû ãîòîâû ê ìàðø-áðîñêó}) 25. Nxb5 $1 Qc2 ({åñëè} 25... Bxb5 {
, òî} 26. exf6 Bxf6 27. Bxf6 g6 28. Bxd5 exd5 29. Rg4 $1 {ñ ïîíÿòíîé èäååé -}
Be2 30. Rxh4 Bh5 31. g4 $18) 26. exf6 Bxf6 27. Bxf6 Nxf6 28. Nd4 Qh7 ({èëè} 
28... Qc3 29. Qxc3 Rxc3 30. Ra5 {ñ áîëüøèì ïåðåâåñîì â ýíäøïèëå}) 29. Nc6 $16)
24. Nxg5 {«Âíåçàïíî» íàä ïîçèöèåé ÷¸ðíûõ ñãóñòèëèñü òó÷è - «ïðîâèñàåò»
ïóíêò å6, â ñëó÷àå Qb1 îïàñíîñòü, êàê óðàãàí, ìîæåò âîðâàòüñÿ ÷åðåç 
ôîðòî÷êó íà h7.} Rfe8 ({Âñå èäåè, îçâó÷åííûå â ïðåäûäóùåì ïðèìå÷àíèè, 
óäàëîñü áû îñóùåñòâèòü â ñëó÷àå} 24... Nc3 25. Bxc3 Qxc3 26. Qb1 $1 {(íà h7!)}
g6 27. Ndxe6 $1 {(å6!)} Rfe8 (27... Nxe5 28. Ne4 $18) 28. Nxf7 $1 {
(è «äîáàâî÷íûé» óäàð - íà f7!)} Rxe6 29. Bd5 Rb6 (29... Kxf7 30. Bxe6+ Kxe6
31. Qxg6+ {è ò.ä.}) 30. e6 $18 {Òî åñòü,} Nc5 (30... Nf8 31. e7) 31. Qxg6+ Qg7
32. Nh6+ Kh8 33. Qxh5 {, è âñ¸.}) 25. Bxd5 exd5 26. e6 $1 ({
Îòûãðûâàòü îáðàòíî ìàòåðèàë öåíîé óìåðùâëåíèÿ ñâîåé àòàêè ïóò¸ì} 26. Qb1 Nf8
27. Nf5 Qc2 28. Nd6 Qxb1 29. Rxb1 $14 {è ò.ä., Àëåêñåé, êîíå÷íî, íå ñòàë....})
26... fxe6 ({Ñîëèäíûé ïåðåâåñ ñîõðàíÿëè áåëûå ïîñëå} 26... f6 27. exd7 Qxd7 28.
Ngf3 $14) 27. Ngxe6 {
Çäåñü, ìíå ïîêàçàëîñü, ÷òî ïðîèçîø¸ë íåáîëüøîé ñáîé÷èê â àòàêå.} ({
È ÷òî ñèëüíåå áûëî ñòóêíóòü ïî å6 äðóãèì êîí¸ì -} 27. Ndxe6 $5 Qc2 ({
áåçíàä¸æíî} 27... Rxe6 28. Nxe6 Qc2 29. Bxg7 {è ò.ä.}) 28. Bxg7 Qg6 {È òåïåðü}
29. Bh8 $1 Bb7 $1 ({ìûñëü âåñüìà ïðîñòà:} 29... Rxe6 30. Nxe6 Qxe6 $4 31. Qg7#)
({à åñëè} 29... Qh6 {, òî} 30. Rxd5 {è ò.ä.}) ({èëè} 29... Nc5 30. Nf4 $1 Qh6 (
30... Qxg5 31. Rxd5 $18) 31. Bb2 $1 Qxg5 32. Rxd5 Qe7 33. Re5 Qd8 34. Rxh5 $18)
30. h4 Qh6 ({ïåðåâåñ ó áåëûõ ïîñëå} 30... Rxe6 31. Nxe6 Qh6 $1 32. Qd4 $1 Qxh8
$140 33. Qxa7 Bc6 34. Qa6 Kh7 35. Re1 $1) 31. Bg7 Qg6 32. Re1 {Íî ïóò¸ì} d4 $1
33. Bxd4 Nf8 34. Nf4 Rxe1+ 35. Qxe1 Qc6 36. f3 Qc1 {
÷¸ðíûå õóäøåãî ïîêà èçáåãàþò.}) 27... Qb6 28. Nf4 {
Êðèòè÷åñêàÿ, ïî-ìîåìó, ïîçèöèÿ.} Nf6 $2 {
Ïîñëå ýòîãî Øèðîâ ñâîåãî óæå íå óïóñòèë.} ({È} 28... Ne5 $5) ({è} 28... Bb7 $5
{çàñòàâëÿëî áåëûõ èñêàòü êîìïåíñàöèÿ çà ïîæåðòâîâàííûé ìàòåðèàë. È íå ôàêò,
÷òî êîìïåíñàöèÿ îáíàðóæèëàñü...}) 29. Nf5 Rc2 {Àêòèâèçèðóåòåñü? Íó-íó...} 30.
Bd4 Qc6 31. Nxg7 $1 Kxg7 32. Bxf6+ Kg8 (32... Qxf6 33. Nxh5+) 33. Bh8 $1 {
Áåëûå ïîêàçûâàþò ñèëóøêó íåìåðÿííóþ, ðàñòÿãèâàÿ ýñïàíäåð ñâîèõ ôèãóð äî
ïðåäåëà!} ({Íå âåëî  ê ïðèìåðíî òîìó æå, ÷òî ïîëó÷èëîñü â ïàðòèè ïðîäîëæåíèå
} 33. Nxd5 $6 {ââèäó} Qc5 $1 ({íî íå} 33... Ree2 34. Ne7+ Rxe7 35. Bxe7 {è ò.ä.
}) 34. Qd4 (34. Ne3 Rxe3 $1 35. Bd4 Qc6 36. Bxe3 Bb7 $19) 34... Qxd4 35. Bxd4
Rd8 36. Nb4 Rc7 37. Nxa6 Rcd7 $15 {è ò.ä.}) 33... Re7 $2 {Ðåøàþùàÿ îøèáêà.} ({
Ïîñëåäíèé øàíñ ÷¸ðíûõ çàêëþ÷àëñÿ â} 33... Qh6 $1 {, ñîáëàçíÿÿ ïðîòèâíèêà íà}
34. Rxd5 (34. Bd4 $142 $1 $14) 34... Bb7 ({íî íå} 34... Qxh8 35. Rg5+ Kf7 36.
Qd1 $18) 35. Rxh5 ({ñëàáåå} 35. Rd7 Rc1+ $1 36. Qxc1 Qc6 37. Qxc6 Re1+ 38. Kg2
Bxc6+ 39. f3 Bxd7 {, è äåëàòü íè÷üþ ïðåäñòîèò áåëûì!}) {
È ïîëó÷àåòñÿ âå÷íûé øàõ} 35... Rec8 $1 36. Bb2 Qc6 37. Rh8+ ({
íàâåðíîå, ñîâñåì óæ ðàñïîñëåäíåé âîçìîæíîñòüþ èãðû íà ïîáåäó ÿâëÿåòñÿ} 37. Nd5
Rc1+ $1 38. Bxc1 Qxc1+ 39. Qxc1 Rxc1+ 40. Kg2 Rd1 41. Kf3 Bxd5+ 42. Ke2 Rd4 43.
Ke3 Rd1 44. h4 {, ïûòàÿñü ñäâèíóòü ñ ìåñòà ñâîè ïåøêè}) 37... Kf7 38. Rh7+ Ke8
39. Rh8+ Kf7 ({ïðîèãðûâàåò} 39... Kd7 40. Qd1+ Kc7 41. Nd5+ Kb8 42. Be5+ {
è ò.ä.}) ({ïðîñòî óæàñíî} 39... Ke7 $4 {èç-çà} 40. Ba3+ {ñ ìàòîì}) 40. Rh7+ Ke8
({íî íå} 40... Kg8 $4 41. Rg7+ Kh8 42. Rg6+) 41. Rh8+ Kf7 $11) 34. Nxd5 Rf7 ({
Èëè} 34... Rd7 35. Nf6+ Kxh8 36. Nxd7+ Qc3 37. Qxc3+ Rxc3 38. Nf6 $18) 35. Nf6+
$2 {Íàä¸æíî ñûãðàíî. Ëó÷øå ïîèãðàòü ýíäøïèëü íà ïàðó äåñÿòêîâ õîäîâ äîëüøå,
÷åì ïðîñ÷èòàòüñÿ â âàðèàíòå. Ïðàâäà, ïî õîäó äåëà âîçíèê îäèí âîïðîñ.} ({
Äëÿ èñòîðèè îòìå÷ó, ÷òî ïîñëå} 35. Qe5 $1 {
÷¸ðíûå ìîãëè äî êîíòðîëÿ è íå äîæèòü...} Kf8 (35... Rc1 36. Qg5+) 36. Qg5 {
, è ÷òî èì äåëàòü äàëüøå - «íåïîíÿòíî».}) 35... Rxf6 36. Qxf6 ({
Îäíà «ëîâóøêà» âñ¸ æå áûëà îáíàðóæåíà:} 36. Bxf6 $4 Bb7 $19 37. f3 Rg2+ $1
38. Kh1 (38. Kxg2 Qxf3+ 39. Kh3 Qg4#) 38... Rxg3 $1 $19) 36... Qxf6 37. Bxf6
Kf7 $2 {Òåïåðü íå óäà¸òñÿ äàæå ïåøêó íà à3 ñúåñòü!} ({
Äàþò - áåðè! Ïîýòîìó ñèëüíåå (òî÷íåå, óïîðíåå)} 37... Rxa2 38. Rd8+ Kf7 39.
Bd4 Ra3 40. Rd7+ Ke6 41. Rxa7 b4 {- âñ¸ æ òàêè «ðàçíîöâåò», òî åñòü, âïîëíå
ìîãëî îêàçàòüñÿ, ÷òî äåëà ÷¸ðíûõ òóò íå è ñîâñåì ïðîèãðûøíû!}) 38. Rd7+ $1
Ke6 (38... Kxf6 39. Rd6+ {
- ïðî «ëàäåéíèê» «áåç òð¸õ» Òàðòàêîâåð íè÷åãî òàêîãî íå ãîâîðèë!}) 39.
Rxa7 Bc8 ({Ïîëîæåíèå êîðîëÿ íà å6 äåëàåò íåâîçìîæíîé} 39... Rxa2 40. Bh8 b4 {
ââèäó} 41. Ra8 Ra3 42. Rb8 $1 {Êàêîé èíòåðåñíûé íþàíñ!}) 40. Bh8 Kd5 {
Äàëüøå - ãðîññìåéñòåðñêàÿ ðåàëèçàöèÿ, è ìîë÷àíèå.} 41. Kg2 Bf5 42. Rf7 Be4+
43. Kh3 Rxa2 44. Kh4 Bg6 45. Rf6 Be8 46. Rf5+ Kd6 47. Bd4 Re2 48. Kg5 Re4 49.
Rf4 Re7 50. h4 Kd5 51. b4 Re6 52. Bf6 Re2 53. f3 Ke6 54. Bd4 1-0